000
00347nam a2200145Ia 4500
008
100122s9999 xx 000 0 und d
082
_b
19998
_a
823
100
_a
LARKIN PHILIP
245
_a
A GIRL IN WINTER
260
_b
FABER & FABER LTD
_c
1974
300
_a
248
630
_a
A GIRL IN WINTER
730
_a
A GIRL IN WINTER
942
_c
BOOK
999
_c
366154
_d
366151